000
00297nam a22001337a 4500
008
181011b xxu||||| |||| 00| 0 eng d
020
_a
021898836199
041
_a
eng
080
_a
820
100
_a
21
101
_a
GJL
245
_a
Guide to English Literature
_c
Davies,M.W
942
_2
udc
_c
BK
999
_c
49391
_d
49391